| 000 | 00872nam a22002297a 4500 | ||
|---|---|---|---|
| 005 | 20100807135656.0 | ||
| 010 | _aENG-98899 | ||
| 020 |
_c7323.00 _a9783598220371 |
||
| 035 | _aEN-82431 | ||
| 037 | _bDBAD/PUB | ||
| 082 | _a025.524 | ||
| 245 |
_aInformation literacy : _cedited by Jesus Lau _binternational perspectives / |
||
| 260 |
_aNetherlands _bInternational Foundation of Library Associations Publications _c2008 |
||
| 270 |
_aThe Hauge _bNetherlands |
||
| 300 |
_a160p.: _c21cm (Hb) _bill. |
||
| 500 | _aincludes bibliographical references | ||
| 650 |
_aInformation literacy _99282 |
||
| 650 |
_aComparative Librarianship _99283 |
||
| 700 |
_aLau, Jesus _98547 |
||
| 942 |
_2ddc _cEN _h025.524 _mINF |
||
| 999 |
_c40060 _d40060 |
||